| 000 | 00934nam a22002777a 4500 | ||
|---|---|---|---|
| 001 | 03403 | ||
| 003 | HDC | ||
| 007 | cr bn ---aaaaa | ||
| 008 | 210109t2016 gw ||||| |||| 00| 0 eng | ||
| 020 | _a13:978-1530029976 | ||
| 040 | _aHDC | ||
| 100 |
_aElasrag, Hussein _eauthor _92731 |
||
| 245 | 0 |
_aHalal Industry : Key Challenges and Opportunities / by _cHussein Elasrag |
|
| 260 |
_aMunich, Germany : _bMunich Personal RePEc Archive, _c2016 |
||
| 300 |
_a(34 pages) : _billustrations |
||
| 336 |
_atext _2rdacontent |
||
| 337 |
_acomputer _2rdamedia |
||
| 338 |
_aonline resource _2rdacarrier |
||
| 650 |
_aHalal economy _92148 |
||
| 650 |
_aHalal industry _9144 |
||
| 650 |
_aHalal market _9582 |
||
| 856 | _zRequest full-text at [email protected] | ||
| 942 | _2lcc | ||
| 942 | _cCHAP | ||
| 942 | _kEBCH 001601 | ||
| 999 |
_c789 _d789 |
||